<?xml version="1.0" encoding="UTF-8"?>
<record
    xmlns:xsi="http://www.w3.org/2001/XMLSchema-instance"
    xsi:schemaLocation="http://www.loc.gov/MARC21/slim http://www.loc.gov/standards/marcxml/schema/MARC21slim.xsd"
    xmlns="http://www.loc.gov/MARC21/slim">

  <leader>00795nam a22001817a 4500</leader>
  <controlfield tag="003">OSt</controlfield>
  <controlfield tag="005">20251215164212.0</controlfield>
  <controlfield tag="008">251215b        |||||||| |||| 00| 0 eng d</controlfield>
  <datafield tag="040" ind1=" " ind2=" ">
    <subfield code="c">DCL</subfield>
  </datafield>
  <datafield tag="082" ind1=" " ind2=" ">
    <subfield code="a">&#x1042;&#x1049;&#x1044;.&#x1043;&#x1048;&#x1042;&#x1044;</subfield>
  </datafield>
  <datafield tag="100" ind1=" " ind2=" ">
    <subfield code="a">&#x1019;&#x102F;&#x1014;&#x102D;&#x1014;&#x1039;&#x1012;&#x102C;&#x1018;&#x102D;&#x101D;&#x1036;&#x101E;&#x104A; </subfield>
    <subfield code="c">&#x1021;&#x101B;&#x103E;&#x1004;&#x103A;&#x104B;</subfield>
  </datafield>
  <datafield tag="245" ind1="1" ind2="0">
    <subfield code="a">&#x100B;&#x102E;&#x1000;&#x102C;&#x1000;&#x103B;&#x1031;&#x102C;&#x103A;&#x101B;&#x103E;&#x1004;&#x103A;&#x1038;&#x1010;&#x1019;&#x103A;&#x1038;&#x104A;</subfield>
    <subfield code="n">&#x1015;&#x1011;&#x1019;&#x1010;&#x103D;&#x1032; /</subfield>
    <subfield code="c">&#x1021;&#x101B;&#x103E;&#x1004;&#x103A;&#x1019;&#x102F;&#x1014;&#x102D;&#x1014;&#x1039;&#x1012;&#x102C;&#x1018;&#x102D;&#x101D;&#x1036;&#x101E;&#x104B;</subfield>
  </datafield>
  <datafield tag="264" ind1=" " ind2=" ">
    <subfield code="a">&#x101B;&#x1014;&#x103A;&#x1000;&#x102F;&#x1014;&#x103A; &#x104A;</subfield>
    <subfield code="b">&#x101A;&#x102F;&#x1036;&#x1000;&#x103C;&#x100A;&#x103A;&#x1001;&#x103B;&#x1000;&#x103A;&#x1005;&#x102C;&#x1015;&#x1031;&#x104A;</subfield>
    <subfield code="c">&#x1042;&#x1040;&#x1041;&#x1045;&#x104B;</subfield>
  </datafield>
  <datafield tag="300" ind1=" " ind2=" ">
    <subfield code="a">&#x1044;&#x1045;&#x1047; &#x1005;&#x102C;&#x1019;&#x103B;&#x1000;&#x103A;&#x1014;&#x103E;&#x102C; &#x104A;</subfield>
    <subfield code="c">&#x1042;&#x1043; &#x1005;&#x1004;&#x103A;&#x1010;&#x102E;&#x104B;</subfield>
  </datafield>
  <datafield tag="650" ind1=" " ind2=" ">
    <subfield code="a">&#x100B;&#x102E;&#x1000;&#x102C;</subfield>
    <subfield code="v">&#x1021;&#x1019;&#x1031;&#x1038;&#x1021;&#x1016;&#x103C;&#x1031;</subfield>
  </datafield>
  <datafield tag="650" ind1=" " ind2=" ">
    <subfield code="a">&#x1021;&#x1018;&#x102D;&#x1013;&#x1019;&#x1039;&#x1019;&#x102C;</subfield>
  </datafield>
  <datafield tag="942" ind1=" " ind2=" ">
    <subfield code="2">ddc</subfield>
    <subfield code="c">SHORT TERM</subfield>
    <subfield code="n">0</subfield>
  </datafield>
  <datafield tag="952" ind1=" " ind2=" ">
    <subfield code="0">0</subfield>
    <subfield code="1">0</subfield>
    <subfield code="2">ddc</subfield>
    <subfield code="4">0</subfield>
    <subfield code="7">0</subfield>
    <subfield code="8">M</subfield>
    <subfield code="a">DHAM</subfield>
    <subfield code="b">DHAM</subfield>
    <subfield code="c">MMBS</subfield>
    <subfield code="d">2025-12-15</subfield>
    <subfield code="l">0</subfield>
    <subfield code="o">&#x1042;&#x1049;&#x1044;.&#x1043;&#x1048;&#x1042;&#x1044; &#x1019;&#x102F; &#x1041;&#x1047;&#x1040;&#x1044;</subfield>
    <subfield code="p">MB00001704</subfield>
    <subfield code="r">2025-12-15 16:42:53</subfield>
    <subfield code="w">2025-12-15</subfield>
    <subfield code="y">SHORT TERM</subfield>
    <subfield code="A">&#x1041;&#x1047;&#x1040;&#x1044;</subfield>
  </datafield>
  <datafield tag="999" ind1=" " ind2=" ">
    <subfield code="c">2722</subfield>
    <subfield code="d">2722</subfield>
  </datafield>
</record>
